| Tag |
First Indicator |
Second Indicator |
Subfields |
| LEADER |
00000cam a2200000 a 4500 |
| 001 |
in00002052236 |
| 005 |
20151101064405.0 |
| 008 |
050401s2005 waua b 101 0 eng d |
| 020 |
|
|
|a 0819455911
|
| 035 |
|
|
|a (OCoLC)ocm58749618
|
| 040 |
|
|
|a LHL
|c LHL
|d TXA
|d UtOrBLW
|
| 049 |
|
|
|a TXAM
|
| 090 |
|
|
|a TA1540
|b .H67 2005
|
| 245 |
0 |
0 |
|a Holography, diffractive optics, and applications II :
|b 8-11 November 2004, Bejingi, China /
|c Yunlong Sheng [and others], chairs/editors ; sponsored by SPIE--the International Society for Optical Engineering, COS--Chinese Optical Society ; cooperating organizations, Australian Optical Society [and others] ; supporting organizations, National Natural Science Foundation of China [and others] ; published by, SPIE--the International Society for Optical Engineering.
|
| 246 |
3 |
0 |
|a Holography, diffractive optics and applications two
|
| 246 |
3 |
|
|a Holography, diffractive optics and applications 2
|
| 264 |
|
1 |
|a Bellingham, Washington :
|b SPIE,
|c [2005]
|
| 264 |
|
4 |
|c ©2005
|
| 300 |
|
|
|a 2 volumes (xix, 870 pages) :
|b illustrations ;
|c 28 cm.
|
| 336 |
|
|
|a text
|b txt
|2 rdacontent
|
| 337 |
|
|
|a unmediated
|b n
|2 rdamedia
|
| 338 |
|
|
|a volume
|b nc
|2 rdacarrier
|
| 490 |
1 |
|
|a Proceedings / SPIE--the International Society for Optical Engineering ;
|v v. 5636
|
| 504 |
|
|
|a Includes bibliographical references and index.
|
| 650 |
|
0 |
|a Holography
|v Congresses.
|
| 650 |
|
0 |
|a Diffraction
|v Congresses.
|
| 700 |
1 |
|
|a Sheng, Yunlong.
|
| 710 |
2 |
|
|a Society of Photo-optical Instrumentation Engineers.
|
| 710 |
2 |
|
|a Zhongguo guang xue xue hui.
|
| 710 |
2 |
|
|a Australian Optical Society.
|
| 710 |
2 |
|
|a Guo jia zi ran ke xue ji jin wei yuan hui (China)
|
| 830 |
|
0 |
|a Proceedings of SPIE--the International Society for Optical Engineering ;
|v v. 5636.
|
| 948 |
|
|
|a cataloged
|b h
|c 2005/5/11
|d c
|e dmitchel
|f 1:30:20 pm
|
| 994 |
|
|
|a E0
|b TXA
|
| 999 |
|
|
|a MARS
|
| 999 |
f |
f |
|s ff2e1703-4245-3208-89ad-8396d3bebce8
|i 0c8a57f1-a146-3da4-ba4a-269bd6c3136e
|t 0
|
| 952 |
f |
f |
|p ric
|a Texas A&M University
|b Rellis Campus
|c Joint Library Facility
|d Remote Storage
|t 0
|e TA1540 .H67 2005
|h Library of Congress classification
|i unmediated -- volume
|k pt.1
|m A14833785466
|
| 952 |
f |
f |
|p ric
|a Texas A&M University
|b Rellis Campus
|c Joint Library Facility
|d Remote Storage
|t 0
|e TA1540 .H67 2005
|h Library of Congress classification
|i unmediated -- volume
|k pt.2
|m A14833785505
|
| 998 |
f |
f |
|a TA1540 .H67 2005
|s pt.1-pt.2
|t 0
|l Remote Storage
|